Regressa à república (Registo nº 3949)

Detalhes MARC
000 -Etiqueta do registo
Cabeçalho 00828nam0a2200253 4500
005 - Identificador da versão
Campo de controlo 20240902165624.0
010 ## - Número internacional normalizado dos livros (ISBN)
Número (ISBN) 9722217151
021 ## - Número do Depósito Legal
Código do país PT
Número 96407/95
100 ## - Dados gerais de processamento
Dados gerais de processamento 20181113d1996 a y0pory5003 ba
101 0# - Língua de publicação
Língua do texto, banda sonora, etc. Português
102 ## - Pais de publicação ou produção
País de publicação Portugal
200 1# - Titulo e menção de responsabilidade
Título próprio Regressa à república
Primeira menção de responsabilidade Maria Teresa Maia Gonzalez, Maria do Rosário Pedreira
Outras menções de responsabilidade il. Luís Anglin
210 ## - Publicação, Distribuição, etc. 
Lugar da edição, distribuição, etc. Lisboa
Nome do editor, distribuidor, etc. Verbo
Data da publicação, distribuição, etc. D. L. 1995
Data da impressão imp. 1996
215 ## - Descrição física 
Indicação específica da natureza do documento e extensão da espécie 166, [10] p.
Outras indicações físicas il
225 1# - Colecção 
Título próprio da colecção O clube das chaves
Indicação de volume 17
606 ## - Nome comum usado como assunto
Número de registo de entrada de autoridade 0001851
Palavra de ordem Literatura portuguesa
Subdivisão de assunto Romances de aventuras
Código do sistema CA
675 ## - Classificação Decimal Universal (CDU)
Notação 821.134.3-311.3
Edição 3ª ed.
Língua da edição por
700 #1 - Nome de autor-pessoa física (responsabilidade principal)
Número de registo de entrada de autoridade 0002019
Palavra de ordem Gonzalez
Outra parte do nome não tomada para palavra de ordem Maria Teresa Maia
Elementos de identificação ou distinção e outro
Datas 1958-
701 #1 - Nome de autor-pessoa física (co-responsabilidade principal)
Palavra de ordem Pedreira
Outra parte do nome não tomada para palavra de ordem Maria do Rosário
Elementos de identificação ou distinção e outro
Datas 1959-
Código de função Autor / Co-autor
702 #1 - Nome de autor-pessoa física (responsabilidade secundária)
Número de registo de entrada de autoridade 0000432
Palavra de ordem Anglin
Outra parte do nome não tomada para palavra de ordem Luís
Código de função Ilustrador / Técnico de desenho computorizado
942 ## - Elementos de entrada adicionados (Koha)
Tipo de item no Koha Livro
966 ## - Identificação da Biblioteca
Sigla EBVEN
Exemplares
Situação do levantamento Origin of item (home branch) (coded) Biblioteca de empréstimo Código de barras Cota Circulation type (not for loan) Tipo de documento Nota do exemplar Damaged status
  Biblioteca Escolar das Vendas Biblioteca Escolar das Vendas BEV301 8POR GON   Livro Sem mensagem